UBT Library

Pharmacology for nurses : (Record no. 39163)

000 -LEADER
fixed length control field 00841cam a22002654a 4500
001 - CONTROL NUMBER
control field 16036204
005 - DATE AND TIME OF LATEST TRANSACTION
control field 20171219072043.0
008 - FIXED-LENGTH DATA ELEMENTS--GENERAL INFORMATION
fixed length control field 091228s2011 nju b 001 0 eng
010 ## - LIBRARY OF CONGRESS CONTROL NUMBER
LC control number 2009053910
020 ## - INTERNATIONAL STANDARD BOOK NUMBER
International Standard Book Number 9780135089811
035 ## - SYSTEM CONTROL NUMBER
System control number (DNLM)101521613
040 ## - CATALOGING SOURCE
Original cataloging agency DNLM/DLC
Transcribing agency DLC
041 ## - LANGUAGE CODE
Language code of text/sound track or separate title eng
042 ## - AUTHENTICATION CODE
Authentication code pcc
060 10 - NATIONAL LIBRARY OF MEDICINE CALL NUMBER
Classification number WB 330
Item number A215p 2011
080 ## - UNIVERSAL DECIMAL CLASSIFICATION NUMBER
Universal Decimal Classification number 615.1 MCH
082 00 - DEWEY DECIMAL CLASSIFICATION NUMBER
Classification number 615.1 MCH
Edition number 22
100 1# - Rafti
Rafti 5
101 ## - Shkurtesa
Shkurtesa FAR
245 10 - TITLE STATEMENT
Title Pharmacology for nurses :
Statement of responsibility, etc Michael Patrick Adams, Leland Norman Holland Jr., Carol Quam Urban.
504 ## - BIBLIOGRAPHY, ETC. NOTE
Bibliography, etc Includes bibliographical references and index.
906 ## - LOCAL DATA ELEMENT F, LDF (RLIN)
a 7
b cbc
c orignew
d 1
e ecip
f 20
g y-gencatlg
942 ## - ADDED ENTRY ELEMENTS (KOHA)
Source of classification or shelving scheme
Item type Books
Holdings
Withdrawn status Lost status Source of classification or shelving scheme Damaged status Not for loan Collection code Permanent location Current location Shelving location Date acquired Total Checkouts Full call number Barcode Date last seen Price effective from Koha item type
          Koleksioni i përgjithshem UBT - Lipjan UBT - Lipjan Koleksioni i përgjithshem 12/19/2017   615.1 MCH 002-2939519 12/19/2017 12/19/2017 Books
          Koleksioni i përgjithshem UBT - Lipjan UBT - Lipjan Koleksioni i përgjithshem 02/26/2021   615.1 MCH 002-6000712 02/26/2021 02/26/2021 Books
          Koleksioni i përgjithshem UBT - Lipjan UBT - Lipjan Koleksioni i përgjithshem 03/11/2021   615.1 MCH 002-7002211 03/11/2021 03/11/2021 Books
UBT Library © 2015-2024. All rights reserved University Education for Business and Technology